000 03219cam a2200541 i 4500
001 9917832875904201
003 BJBSDDR
005 20230908134226.0
006 a|||||r|||| 00| 0
007 ta
008 190310s2017 mx o 000 0 spa d
020 _a9786071653222
020 _a6071653223
035 _a(CKB)4100000002901190
035 _a(MiAaPQ)EBC5308560
035 _a(OCoLC)1145081171
035 _a(FINmELB)ELB110051
035 _a(EXLCZ)994100000002901190
040 _aFINmELB
_bspa
_erda
_cFINmELB
041 _aspa
_heng
050 1 4 _aJK 311
_bG383l 2017
082 0 0 _a320.473049
100 1 _aGerstle, Gary,
_d1954-
_929692
240 1 0 _aLiberty and coercion.
_lEspañol
245 1 0 _aLibertad y coacción :
_bla paradoja del gobierno estadunidense desde su fundación hasta el presente /
_cGary Gerstle ; traducción, Ricardo Martín Rubio Ruiz.
264 1 _aMéxico, D.F. :
_bFondo de Cultura Económica,
_c2017.
300 _a392 páginas ;
_c23 cm.
336 _atext
_2rdacontent
337 _acomputer
_2rdamedia
338 _aonline resource
_2rdacarrier
490 1 _aSeccion de obras de política y derecho
500 _aTraducción de: Liberty and coercion : the paradox of American government from the founding to the present.
520 _aEsta obra tiene por objetivo reconstruir ""la historia del gobierno estadunidense desde sus democráticos, liberales y federales inicios en el siglo XVIII hasta el Leviatán en que se convirtió en el siglo XXI"", además de analizar detalladamente, de manera diacrónica, cómo ha implementado el gobierno estadunidense las tres estrategias con las que se ha instaurado como un Estado central: exención, sustitución y privatización. Se divide en cuatro secciones en las que se estudia, respectivamente, el surgimiento y consolidación del modelo republicano (1780-1860), el paso a las estrategias de improvisación y regulación (1860-1920), la lucha popular por transformar el gobierno central (1920-1940) y, finalmente, la figura del gobierno estadunidense como Estado central ""grande y poderoso"", producto de la Guerra Fría (1940-2010), además de una evaluación final de la administración de Barack Obama.
588 _aDescription based on online resource; title from PDF title page (ebrary, viewed March 10, 2019).
590 _aRecurso electrónico. Santa Fe, Arg.: elibro, 2020. Disponible vía World Wide Web. El acceso puede estar limitado para las bibliotecas afiliadas a elibro.
650 0 _aFederal government
_zUnited States
_xHistory.
650 4 _aGobierno federal
_zEstados Unidos
_93526
650 0 _aFederal-state controversies
_zUnited States
_xHistory.
650 4 _aControversias federales-estatales
_zEstados Unidos
_932217
650 4 _aExceso de poder (Derecho administrativo)
_zEstados Unidos
_932218
650 0 _aCultural policy
_zUnited States
_xHistory.
650 4 _aPolítica cultural
_91285
_zEstados Unidos
651 0 _aUnited States
_xPolitics and government.
651 4 _aEstados Unidos
_xPolítica y gobierno
_92191
700 1 _aRubio Ruiz, Ricardo Martín.
_etraductor.
_929693
830 0 _aSección de obras de política y derecho
_910012
942 _2lcc
_cBK
999 _c119401
_d119401